Разработка инструкции "матрица ответственности" для ЗАО "Сибирская Аграрная Группа"; Ресурсоэффективные системы в управлении и контроле: взгляд в будущее; Ч. 2

Bibliografiska uppgifter
Parent link:Ресурсоэффективные системы в управлении и контроле: взгляд в будущее: сборник научных трудов II Международной конференции школьников, студентов, аспирантов, молодых ученых, 08 - 12 октября 2013 г./ Национальный исследовательский Томский политехнический университет (ТПУ).— , 2013
Ч. 2.— 2013.— [С. 18-19]
Huvudupphovsman: Банников Е. А.
Institutionell upphovsman: Национальный исследовательский Томский политехнический университет (ТПУ) Институт неразрушающего контроля (ИНК) Кафедра физических методов и приборов контроля качества (ФМПК)
Övriga upphovsmän: Плотникова И. В. Инна Васильевна (научный руководитель)
Sammanfattning:Заглавие с титульного экрана
Språk:ryska
Publicerad: 2013
Serie:Эффективные системы управления качеством
Ämnen:
Länkar:http://www.lib.tpu.ru/fulltext/c/2013/C47/V2/005.pdf
Materialtyp: Elektronisk Bokavsnitt
KOHA link:https://koha.lib.tpu.ru/cgi-bin/koha/opac-detail.pl?biblionumber=603106

MARC

LEADER 00000naa2a2200000 4500
001 603106
005 20260226095810.0
035 |a (RuTPU)RU\TPU\conf\245 
035 |a RU\TPU\conf\243 
090 |a 603106 
100 |a 20131211d2013 k y0rusy50 ca 
101 0 |a rus 
102 |a RU 
135 |a drnn ---uucaa 
181 0 |a i  
182 0 |a b 
200 1 |a Разработка инструкции "матрица ответственности" для ЗАО "Сибирская Аграрная Группа"  |f Е. А. Банников  |g науч. рук. И. В. Плотникова 
203 |a Текст  |c электронный 
225 1 |a Эффективные системы управления качеством 
300 |a Заглавие с титульного экрана 
320 |a [Библиогр.: с. 19 (3 назв.)] 
337 |a Adobe Reader 
461 1 |0 (RuTPU)RU\TPU\conf\171  |t Ресурсоэффективные системы в управлении и контроле: взгляд в будущее  |o сборник научных трудов II Международной конференции школьников, студентов, аспирантов, молодых ученых, 08 - 12 октября 2013 г.  |o в 4 ч.  |f Национальный исследовательский Томский политехнический университет (ТПУ)  |d 2013 
463 1 |0 (RuTPU)RU\TPU\conf\241  |t Ч. 2  |v [С. 18-19]  |d 2013 
610 1 |a труды учёных ТПУ 
610 1 |a электронный ресурс 
610 1 |a инструкции 
610 1 |a разработка 
610 1 |a аграрная модель 
700 1 |a Банников  |b Е. А. 
702 1 |a Плотникова  |b И. В.  |c специалист в области качества  |c доцент Томского политехнического университета, кандидат технических наук  |f 1965-  |g Инна Васильевна  |4 727 
712 0 2 |a Национальный исследовательский Томский политехнический университет (ТПУ)  |b Институт неразрушающего контроля (ИНК)  |b Кафедра физических методов и приборов контроля качества (ФМПК)  |3 (RuTPU)RU\TPU\col\18709 
801 2 |a RU  |b 63413507  |c 20131211  |g RCR 
856 4 |u http://www.lib.tpu.ru/fulltext/c/2013/C47/V2/005.pdf 
942 |c BK